Normal view MARC view
  • Guerrillas

Entry Materia

Number of records used in: 4

001 - NÚMERO DE CONTROL DEL REGISTRO

  • campo de control: 13873

003 - IDENTIFICADOR DE NUMERO DE CONTROL

  • campo de control: UPN

005 - FECHA Y HORA DE LA ÚLTIMA TRANSACCIÓN

  • campo de control: 20251031110935.0

008 - DATOS DE LONGITUD FIJA

  • campo de control de longitud fija: nabaccnnaabn|||||||||| b |nc|||||d

035 ## - NÚMERO DE CONTROL DEL SISTEMA

  • Número de control del sistema: UPN10000013881

040 ## - FUENTE DE LA CATALOGACIÓN

  • Lengua de catalogación: SPA
  • Agencia de transcripción: UPN

150 ## - ENCABEZAMIENTO - TEMÁTICO

  • Término de materia o nombre geográfico como elemento inicial: Guerrillas

360 ## - REFERENCIA COMPLEJA DE VÉASE ADEMÁS - MATERIA

  • Texto explicativo: Véase también
  • Encabezamiento al que se remite: GUERRA MUNDIAL, 1939-1945 - MOVIMIENTOS CLANDESTINOS

670 ## - FUENTE EN LA QUE SE LOCALIZARON DATOS

  • Cita de la fuente: E

680 ## - NOTA GENERAL CON DESPLIEGUE PÚBLICO

  • Texto explicativo: Aquí se asientan las obras generales e históricas. Las obras sobre aspectos militares de las tácticas de guerrilla se asientan bajo el encabezamiento
  • Encabezamiento: GUERRILLAS - OPERACIONES Y TACTICAS.
  • Texto explicativo: Los aspectos legales internacionales de las tácticas de guerrilla se asientan bajo el encabezamiento
  • Encabezamiento: GUERRILLAS (DERECHO INTERNACIONAL).
  • Texto explicativo: El derecho penal municipal se asienta bajo el encabezamiento
  • Encabezamiento: GUERRILLAS - DERECHO Y LEGISLACION

902 ## - CATALOGADOR

  • Catalogador: BEC/050796